[Event "Rivarolo Mantovano op"]
[Site "Rivarolo Mantovano"]
[Date "2003.10.12"]
[Round "3"]
[White "Massa, Salvenrico"]
[Black "Terbonati, Paolo"]
[Result "1-0"]
[WhiteElo "1750"]
[BlackElo "1572"]
[PlyCount "79"]
[EventDate "2003.10.11"]
[EventType "swiss"]
[EventRounds "6"]
[EventCountry "ITA"]
[SourceTitle "EXT 2007"]
[Source "ChessBase"]
[SourceDate "2006.11.23"]
[SourceVersion "1"]
[SourceVersionDate "2006.11.23"]
[SourceQuality "1"]

1. c4 c5 2. Nc3 Nc6 3. g3 g6 4. Bg2 Bg7 5. d3 Nf6 6. e4 d6 7. Nge2 0-0 8. 0-0 Ne8 9. Rb1 Nc7 10. h3 Ne6 11. a3 Ned4 12. b4 Nxe2+ 13. Nxe2 Nd4 14. Nxd4 Bxd4 15. Bb2 e5 16. Bxd4 cxd4 17. f4 f5 18. exf5 Bxf5 19. g4 Bc8 20. fxe5 dxe5 21. Qe2 Qe7 22. Rxf8+ Kxf8 23. Rf1+ Kg7 24. Bd5 a5 25. b5 Qg5 26. Rf7+ Kh6 27. Qf2 Bf5 28. Bf3 Bxd3 29. h4 Qc1+ 30. Kg2 g5 31. Bxb7 Rg8 32. h5 Qc2 33. Qxc2 Bxc2 34. c5 Rb8 35. c6 Bd1 36. Kg3 Ba4 37. b6 Bxc6 38. Bxc6 Rxb6 39. Bd7 Rb3+ 40. Kf2 1-0

[Event "Crema op 05th"]
[Site "Crema"]
[Date "2003.09.05"]
[Round "1"]
[White "Folcini, Gaddo"]
[Black "Massa, Salvenrico"]
[Result "0-1"]
[WhiteElo "1356"]
[BlackElo "1723"]
[PlyCount "96"]
[EventDate "2003.09.05"]
[EventType "swiss"]
[EventRounds "6"]
[EventCountry "ITA"]
[SourceTitle "EXT 2007"]
[Source "ChessBase"]
[SourceDate "2006.11.23"]
[SourceVersion "1"]
[SourceVersionDate "2006.11.23"]
[SourceQuality "1"]

1. d4 Nf6 2. e4 Nxe4 3. Nf3 d5 4. Ne5 Nd7 5. Nxf7 Kxf7 6. Qh5+ g6 7. Qxd5+ e6 8. Qxe4 Bg7 9. Qf3+ Nf6 10. Be3 Rf8 11. Bc4 Kg8 12. Qh3 Nd5 13. Nc3 c6 14. 0-0-0 b5 15. Bb3 a5 16. Ne4 Rf5 17. g4 Nf4 18. Bxf4 Rxf4 19. Ng5 Qxg5 20. Qe3 Rxg4 21. d5 Qxe3+ 22. fxe3 exd5 23. Rxd5 cxd5 24. Bxd5+ Kh8 25. Bxa8 Bf5 26. Rd1 Bf6 27. Bc6 Rc4 28. e4 Bg5+ 29. Kb1 Bxe4 30. Bxe4 Rxe4 31. a4 Rxa4 32. Rd5 Bf6 33. Rxb5 Rb4 34. Rxa5 Rxb2+ 35. Kc1 Rb7 36. c4 Rc7 37. Ra4 Kg7 38. Kc2 g5 39. Kb3 h5 40. Ra5 Kg6 41. c5 g4 42. Kc4 Be5 43. Ra6+ Kg5 44. c6 Bxh2 45. Kb5 Bd6 46. Ra5 Rf7 47. Kb6+ Rf5 48. Ra7 Bc5+ 0-1

[Event "Crema op 05th"]
[Site "Crema"]
[Date "2003.09.05"]
[Round "2"]
[White "Massa, Salvenrico"]
[Black "Bonazzi, Edoardo"]
[Result "1/2-1/2"]
[WhiteElo "1723"]
[BlackElo "2130"]
[PlyCount "105"]
[EventDate "2003.09.05"]
[EventType "swiss"]
[EventRounds "6"]
[EventCountry "ITA"]
[SourceTitle "EXT 2007"]
[Source "ChessBase"]
[SourceDate "2006.11.23"]
[SourceVersion "1"]
[SourceVersionDate "2006.11.23"]
[SourceQuality "1"]

1. Nf3 Nf6 2. c4 e6 3. Nc3 d5 4. cxd5 exd5 5. d4 c6 6. Bf4 Be7 7. a3 Nbd7 8. e3 a5 9. h3 0-0 10. Bd3 Re8 11. 0-0 Nf8 12. Qc2 Ng6 13. Bh2 Bd6 14. Bxd6 Qxd6 15. Rab1 Bd7 16. Na4 Ne4 17. Nb6 Ra7 18. Nxd7 Qxd7 19. Bxe4 dxe4 20. Nd2 Qd5 21. Rfc1 Raa8 22. Qc5 Ne7 23. Qxd5 Nxd5 24. Rc5 a4 25. Rbc1 f5 26. g3 g5 27. Kf1 Re6 28. Ke2 Kf7 29. Nb1 Ra6 30. Nc3 Nxc3+ 31. R1xc3 Kf6 32. g4 fxg4 33. hxg4 Kg6 34. Rc1 Rb6 35. R1c2 Rd6 36. Ra5 Rd5 37. Rxa4 Rb3 38. Rb4 Rxb4 39. axb4 Rb5 40. Rc4 h5 41. gxh5+ Kxh5 42. f3 exf3+ 43. Kxf3 Rf5+ 44. Kg2 Rf8 45. b5 Re8 46. bxc6 bxc6 47. Rc3 Kg4 48. b4 Ra8 49. e4 Ra2+ 50. Kf1 Rd2 51. d5 cxd5 52. exd5 Rxd5 53. Rb3 1/2-1/2

[Event "Crema op 04th"]
[Site "Crema"]
[Date "2002.09.08"]
[Round "6"]
[White "Massa, Salvenrico"]
[Black "Agnelli, Francesco"]
[Result "0-1"]
[WhiteElo "1753"]
[BlackElo "2146"]
[PlyCount "101"]
[EventDate "2002.09.06"]
[EventType "swiss"]
[EventRounds "6"]
[EventCountry "ITA"]
[SourceTitle "EXT 2007"]
[Source "ChessBase"]
[SourceDate "2006.11.23"]
[SourceVersion "1"]
[SourceVersionDate "2006.11.23"]
[SourceQuality "1"]

1. c4 Nf6 2. Nc3 g6 3. g3 Bg7 4. Bg2 d6 5. e4 e5 6. Nge2 Nc6 7. d3 0-0 8. 0-0 a5 9. h3 Nd7 10. Be3 Nc5 11. d4 exd4 12. Nxd4 Ne5 13. Qc2 Bd7 14. Rad1 Ne6 15. f4 Nxd4 16. Bxd4 Nc6 17. Bxg7 Kxg7 18. Rfe1 f6 19. b3 Qe8 20. Qf2 b6 21. Nd5 Rc8 22. g4 h6 23. Qg3 g5 24. Ne3 gxf4 25. Qxf4 Qe5 26. Qf2 Be6 27. Nf5+ Kh7 28. Qh4 Qc5+ 29. Kh1 Bxf5 30. exf5 Ne5 31. Qh5 Rg8 32. Qh4 Rcf8 33. Re2 Rg7 34. Bd5 a4 35. Be4 axb3 36. axb3 Qa3 37. Re3 Qc5 38. Rde1 Qd4 39. Bg2 Qf4 40. Be4 Rg5 41. Bg2 Rfg8 42. Bd5 R8g7 43. b4 c6 44. Be4 Ra7 45. Qg3 Qxg3 46. Rxg3 h5 47. Reg1 hxg4 48. hxg4 b5 49. cxb5 cxb5 50. Rh3+ Kg7 51. Rh5 0-1

[Event "Crema op 04th"]
[Site "Crema"]
[Date "2002.09.08"]
[Round "5"]
[White "Massa, Salvenrico"]
[Black "Marchiano, Nicola"]
[Result "1-0"]
[WhiteElo "1753"]
[BlackElo "1633"]
[PlyCount "71"]
[EventDate "2002.09.06"]
[EventType "swiss"]
[EventRounds "6"]
[EventCountry "ITA"]
[SourceTitle "EXT 2007"]
[Source "ChessBase"]
[SourceDate "2006.11.23"]
[SourceVersion "1"]
[SourceVersionDate "2006.11.23"]
[SourceQuality "1"]

1. c4 Nf6 2. Nc3 e6 3. e4 d5 4. cxd5 exd5 5. e5 d4 6. exf6 dxc3 7. fxg7 cxd2+ 8. Bxd2 Bxg7 9. Nf3 Nc6 10. Be2 Bf5 11. Bc3 Bxc3+ 12. bxc3 Qf6 13. 0-0 Rg8 14. g3 h5 15. Re1 Kf8 16. Qa4 Re8 17. Nd4 Bh3 18. Bxh5 Rd8 19. Rad1 Rg5 20. Be2 Ne7 21. Ne6+ Bxe6 22. Rxd8+ Kg7 23. Qd4 Qxd4 24. Rxd4 Bd5 25. f4 Rg6 26. Bd3 Re6 27. Rxe6 fxe6 28. Ra4 a6 29. c4 Bc6 30. Ra5 Bd7 31. Rh5 Kf6 32. Rh6+ Kg7 33. Rh7+ Kf6 34. g4 e5 35. g5+ Ke6 36. f5+ 1-0

[Event "Crema op 04th"]
[Site "Crema"]
[Date "2002.09.07"]
[Round "4"]
[White "Gualazzi, Paolo"]
[Black "Massa, Salvenrico"]
[Result "0-1"]
[WhiteElo "1576"]
[BlackElo "1753"]
[PlyCount "66"]
[EventDate "2002.09.06"]
[EventType "swiss"]
[EventRounds "6"]
[EventCountry "ITA"]
[SourceTitle "EXT 2007"]
[Source "ChessBase"]
[SourceDate "2006.11.23"]
[SourceVersion "1"]
[SourceVersionDate "2006.11.23"]
[SourceQuality "1"]

1. d4 d5 2. c4 dxc4 3. e4 e5 4. Nf3 exd4 5. Bxc4 Bb4+ 6. Bd2 Bxd2+ 7. Nbxd2 Nh6 8. 0-0 0-0 9. Rc1 Nc6 10. a3 Bg4 11. Qc2 Qe7 12. Ba2 Rfd8 13. Bb1 Rd7 14. Qb3 Nd8 15. h3 Bh5 16. Qc4 Qe6 17. Qb5 Bg6 18. Ba2 Qe7 19. Rfe1 c6 20. Qa4 d3 21. Rc3 Ne6 22. Bb1 Nf4 23. Kf1 Kh8 24. Re3 Qd8 25. Qb3 Qb6 26. Qa2 Rad8 27. Ne5 Rd4 28. Nxg6+ hxg6 29. Bxd3 Nxd3 30. Nf3 R4d7 31. e5 Nf4 32. Qc4 Rd1+ 33. Ne1 Nd5 0-1

[Event "Crema op 04th"]
[Site "Crema"]
[Date "2002.09.06"]
[Round "2"]
[White "Massa, Salvenrico"]
[Black "Biava, Pierluigi"]
[Result "0-1"]
[WhiteElo "1753"]
[BlackElo "1546"]
[PlyCount "94"]
[EventDate "2002.09.06"]
[EventType "swiss"]
[EventRounds "6"]
[EventCountry "ITA"]
[SourceTitle "EXT 2007"]
[Source "ChessBase"]
[SourceDate "2006.11.23"]
[SourceVersion "1"]
[SourceVersionDate "2006.11.23"]
[SourceQuality "1"]

1. c4 Nf6 2. Nc3 c6 3. g3 g6 4. Bg2 Bg7 5. d3 0-0 6. Bd2 a5 7. Nf3 d6 8. 0-0 Na6 9. Rb1 e5 10. Bg5 h6 11. Bd2 Bf5 12. e4 Be6 13. h3 Nd7 14. Kh2 Ndc5 15. Ne1 Qd7 16. Ne2 Nb4 17. Qc1 Nbxd3 18. Nxd3 Nxd3 19. Qc2 Nb4 20. Qb3 c5 21. a3 a4 22. Qc3 Nc6 23. Qd3 f5 24. Nc3 Nd4 25. f3 Kh8 26. Nd5 Bxd5 27. exd5 b5 28. Bc3 bxc4 29. Qxc4 Qb5 30. Qxb5 Nxb5 31. Rfd1 Rfe8 32. Be1 e4 33. fxe4 fxe4 34. b3 Nxa3 35. bxa4 Rxa4 36. Rb7 Nc2 37. Rdb1 Nxe1 38. Rxe1 Rd4 39. Ra1 e3 40. Raa7 Be5 41. Rh7+ Kg8 42. Bf1 Rd2+ 43. Kh1 e2 44. Bxe2 Rxe2 45. Rxh6 Rf2 46. Rxg6+ Kf8 47. Rb7 Bd4 0-1

[Event "Crema op 03rd"]
[Site "Crema"]
[Date "2001.09.07"]
[Round "1"]
[White "Massa, Salvenrico"]
[Black "Riva, Carlo"]
[Result "1/2-1/2"]
[WhiteElo "1840"]
[BlackElo "1498"]
[PlyCount "92"]
[EventDate "2001.09.07"]
[EventType "swiss"]
[EventRounds "6"]
[EventCountry "ITA"]
[SourceTitle "EXT 2007"]
[Source "ChessBase"]
[SourceDate "2006.11.23"]
[SourceVersion "1"]
[SourceVersionDate "2006.11.23"]
[SourceQuality "1"]

1. c4 c5 2. Nc3 Nc6 3. e4 e5 4. d3 d6 5. h3 h6 6. Nge2 Nf6 7. g4 Be7 8. Bg2 b6 9. Be3 Rb8 10. Qd2 a6 11. 0-0 Bd7 12. f4 exf4 13. Nxf4 Ne5 14. Nfd5 Be6 15. Nxe7 Qxe7 16. b3 Qd7 17. Nd5 Bxd5 18. cxd5 b5 19. d4 cxd4 20. Bxd4 Qe7 21. Rac1 0-0 22. Rc3 Rfc8 23. Rfc1 Rxc3 24. Qxc3 b4 25. Qg3 Nfd7 26. Rc2 f6 27. Qe3 Qd8 28. Bf1 a5 29. Be2 Rc8 30. Qc1 Rxc2 31. Qxc2 Qb8 32. Kf2 Kf7 33. Kg3 g5 34. Bc4 Qc8 35. Qe2 Nxc4 36. bxc4 Ne5 37. c5 dxc5 38. Bxe5 fxe5 39. Qb5 Qc7 40. Qa6 Kg7 41. Qe6 c4 42. d6 Qc5 43. Qe7+ Kg8 44. Kg2 Qd4 45. Qe6+ Kg7 46. Qe7+ Kg8 1/2-1/2

[Event "Fiuggi op"]
[Site "Fiuggi"]
[Date "2000.10.22"]
[Round "6"]
[White "Passerotti, Pierluigi"]
[Black "Massa, Salvenrico"]
[Result "1-0"]
[WhiteElo "2265"]
[BlackElo "1762"]
[PlyCount "93"]
[EventDate "2000.10.20"]
[EventType "swiss"]
[EventRounds "6"]
[EventCountry "ITA"]
[SourceTitle "EXT 2024"]
[Source "ChessBase"]
[SourceDate "2023.10.10"]
[SourceVersion "1"]
[SourceVersionDate "2023.10.10"]
[SourceQuality "1"]

1. d4 Nf6 2. Bg5 Ne4 3. Bf4 d5 4. f3 Nd6 5. Nc3 c6 6. e4 e6 7. Nge2 a6 8. e5 Nb5 9. Na4 Nd7 10. b3 Nc7 11. Be3 b5 12. Nb2 c5 13. c3 c4 14. g3 Bb7 15. Bg2 Be7 16. 0-0 Qc8 17. Qd2 0-0 18. f4 f5 19. h3 Rb8 20. Nd1 a5 21. Bf2 b4 22. Rc1 Nb6 23. Ne3 Nb5 24. Be1 bxc3 25. Nxc3 Bb4 26. Qd1 Nxc3 27. Bxc3 Qd7 28. Bxb4 axb4 29. bxc4 dxc4 30. Bxb7 Qxb7 31. Nxc4 Nxc4 32. Rxc4 b3 33. Qxb3 Qxb3 34. axb3 Rxb3 35. Kg2 Ra8 36. g4 Raa3 37. gxf5 Rg3+ 38. Kf2 exf5 39. Rc7 Rgf3+ 40. Ke2 Rae3+ 41. Kd2 Rd3+ 42. Kc2 Rxh3 43. e6 g5 44. Rb1 Rc3+ 45. Rxc3 Rxc3+ 46. Kxc3 g4 47. d5 1-0